000
00301nam a22001337a 4500
008
180831b xxu||||| |||| 00| 0 eng d
020
_a
9780801331572
041
_a
eng
080
_a
371
100
_a
25
101
_a
GJL
245
_a
The Longman Writer's Companion
_c
Anson, Ch.M
942
_2
udc
_c
BK
999
_c
47420
_d
47420